Score 0/15 Timer 04:00
1 Play Today
Hint Answer % Correct
Fruit 'bobbed' at HalloweenApples
91.9%
A yearly commemoration of a significant event that occurred on the same date, e.g. weddingAnniversary
87.1%
First day of the fourth month, a day on which people play tricks or jokes on othersApril Fools' Day
84.7%
Season in which Thanksgiving and Guy Fawkes Night fallAutumn
81%
Supernatural celestial beings who announced the birth of Jesus to shepherds in the Christmas storyAngels
79.3%
Tree-planting holiday in the US and other countriesArbor Day
70.3%
______ Sunday; first day of the season of expectation and preparation for the commemoration of Jesus' birthAdvent
66%
First day of Lent, observed by many Western Christian denominations; traditionally a day of penitence and fastingAsh Wednesday
64.9%
Hint Answer % Correct
Day between Hallowe'en and All Souls' DayAll Saints' Day
60.9%
Day of ____________; the English translation of Yom KippurAtonement
53.5%
Fortieth day after Easter; celebrates the resurrected Jesus being taken up to heavenAscension Day
51.2%
Former name of Remembrance Day/Veterans Day still used in New Zealand, France, and BelgiumArmistice Day
47.7%
Scottish patron saint whose feast day is 30th NovemberAndrew
42.5%
Eid al-____; Islamic holiday also known as 'Sacrifice Feast'Adha
12.1%
Scandinavian spiced spirit traditionally consumed during celebrationsAkvavit
11.5%
Remove Ads.
Support Sporcle.
Get the best of Sporcle when you Go Orange. This ad-free experience offers more features, more stats, and more fun while also helping to support Sporcle. Thank you for becoming a member.

You're not logged in!

Compare scores with friends on all Sporcle quizzes.
OR
Log In

Show Comments

Extras

Top Quizzes Today


Score Distribution

Your Account Isn't Verified!

In order to create a playlist on Sporcle, you need to verify the email address you used during registration. Go to your Sporcle Settings to finish the process.

Report this User

Report this user for behavior that violates our Community Guidelines.

Details: